SNL Politicians Quiz Stats

 Plays Quiz Updated Jan 20, 2017

Also try: SNL Politics
Challenge
Share
Tweet
Score 0/20 Timer 03:00
1 Play Today
% Correct
Will Ferrell as George W. Bush
96.3%
Amy Poehler as Hillary Clinton
95.2%
Fred Armisen as Barack Obama
95.1%
Tina Fey as Sarah Palin
89.9%
Robin Williams as Ronald Reagan
88.1%
Phil Hartman as Bill Clinton
83.5%
Maya Rudolph as Condoleezza Rice
81.5%
Jason Sudeikis as Mitt Romney
78.7%
Darrell Hammond as Dick Cheney
77.8%
Alec Baldwin as Donald Trump
76.5%
% Correct
Seth Meyers as John Kerry
68%
Dana Carvey as George H.W. Bush
67.3%
Darrell Hammond as Al Gore
63.2%
Jason Sudeikis as Joe Biden
60.3%
Will Ferrell as Janet Reno
51.3%
Dana Carvey as Ross Perot
43.7%
Jon Lovitz as Michael Dukakis
42.4%
Paul Brittain as Ron Paul
38.9%
Bill Hader as Rick Perry
22%
Bill Hader as John Boehner
10.7%

You're not logged in!

Compare scores with friends on all Sporcle quizzes.
OR
Log In

You Might Also Like...

Show Comments

Extras

Top Quizzes Today


Score Distribution

Your Account Isn't Verified!

In order to create a playlist on Sporcle, you need to verify the email address you used during registration. Go to your Sporcle Settings to finish the process.

Report this User

Report this user for behavior that violates our Community Guidelines.

Details: